000 00851nam a2200289Ia 4500
005 20260429112113.0
008 260429s9999||||xx |||||||||||||| ||und||
020 _a9781041015680
041 _aEnglish
082 _a547.3
_bTAH
100 _aTaherinia, Zahra
245 0 _aCatalytic role of amino acids in organic reactions /
_cZahra Taherinia
250 _a1st ed.
260 _aBoca Raton :
_bCRC Press,
_c2025.
300 _axv, 344 p.; hb
440 _aNew directions in organic and viological chemistry
650 _a Amino acids
650 _a Catalytic role
650 _aOrganic reactions
700 _a Ghorbani-Choghamarani, Arash
700 _a Heidarnezhad, Zahra
700 _a Khanmohammadi-Sarabi, Farad
700 _a Moradi, Zahra
700 _a Zolfigol, Mohammad Ali
700 _aPage, Philip
942 _cTB
999 _c52367
_d52367